[Event "Rated Blitz game"]
[Site "?"]
[Date "2021.05.02"]
[Round "?"]
[White "Useful_Chess"]
[Black "Guilhermeoff"]
[Result "0-1"]
[WhiteElo "2463"]
[BlackElo "2561"]
[PlyCount "84"]
[EventDate "2021.??.??"]
[EventType "blitz"]

1. e4 e5 2. Nf3 d5 3. Nxe5 Bd6 4. d4 dxe4 5. Qh5 Qe7 6. Bc4 Be6 7. Bxe6 Qxe6 8.
Nc3 Na6 9. O-O Nf6 10. Qg5 O-O-O 11. a3 Rhg8 12. Bf4 h6 13. Qg3 g5 14. Be3 c5
15. f4 cxd4 16. Bxd4 gxf4 17. Qxf4 Ng4 18. Qf5 Nxe5 19. Nxe4 Qxf5 20. Rxf5 Nc6
21. Nxd6+ Rxd6 22. Bc3 Nc7 23. Rxf7 Nd5 24. Bd2 Ne5 25. Rf5 Ng4 26. Raf1 Ne7
27. Rf8+ Rxf8 28. Rxf8+ Kd7 29. h3 Rxd2 30. hxg4 Rxc2 31. b4 Rc1+ 32. Kh2 a6
33. Rb8 b5 34. Rb6 Rc6 35. Rb7+ Ke6 36. Kg3 Ng6 37. Rg7 Rc3+ 38. Kh2 Ne5 39.
Ra7 Rxa3 40. g3 Ra2+ 41. Kh3 Nf3 42. Rh7 Rh2# {Normal} 0-1

[Event "Sharjah Blitz 2021"]
[Site "Sharjah UAE"]
[Date "2021.05.01"]
[Round "9.11"]
[White "Saif, Ahmed"]
[Black "Alkhour, Seifedin"]
[Result "1-0"]
[WhiteElo "1839"]
[BlackElo "1444"]
[PlyCount "61"]
[EventDate "2021.05.01"]
[EventType "blitz"]
[SourceTitle "The Week in Chess 1382"]
[Source "Mark Crowther"]
[SourceDate "2021.05.03"]
[SourceVersion "1"]
[SourceVersionDate "2021.05.03"]
[SourceQuality "2"]

1. e4 e5 2. Nf3 d5 3. exd5 e4 4. Qe2 Be7 5. Qxe4 Nf6 6. Qa4+ Nbd7 7. c4 O-O 8.
Be2 Nc5 9. Qc2 Re8 10. O-O g6 11. Nc3 Bf5 12. d3 Bd6 13. Be3 c6 14. dxc6 bxc6
15. Nd4 Bg4 16. b4 Na6 17. a3 Be5 18. Nxc6 Qc7 19. Nxe5 Qxe5 20. d4 Qh5 21. h3
Bxh3 22. Bxh5 Bf5 23. Qa4 Nc7 24. Bf3 Rad8 25. Rfe1 Ne6 26. d5 Ng7 27. Bg5
Rxe1+ 28. Rxe1 Ngh5 29. Bxh5 gxh5 30. Bxf6 Bd7 31. Qxd7 1-0

[Event "Rated Blitz game"]
[Site "?"]
[Date "2021.05.01"]
[Round "?"]
[White "AK-CMC"]
[Black "om_gendut"]
[Result "1/2-1/2"]
[WhiteElo "2376"]
[BlackElo "2469"]
[PlyCount "100"]
[EventDate "2021.??.??"]
[EventType "blitz"]

1. e4 e5 2. Nf3 d5 3. Nxe5 Bd6 4. d4 dxe4 5. Nc4 Be7 6. Nc3 Nf6 7. Be2 O-O 8.
O-O Bf5 9. Bg5 Nbd7 10. Ne3 Bg6 11. f3 h6 12. Bh4 Re8 13. Kh1 c6 14. Nc4 Nd5
15. Bxe7 Qxe7 16. fxe4 Nxc3 17. bxc3 Bxe4 18. Bd3 Bd5 19. Qg4 Nf6 20. Qh4 Ne4
21. Qe1 Qg5 22. Ne5 Nd6 23. Qf2 f6 24. Nf3 Qe3 25. Nd2 Qxf2 26. Rxf2 b5 27. Kg1
a6 28. a3 Re7 29. Re2 Rxe2 30. Bxe2 Re8 31. Re1 Re7 32. Kf2 Kf8 33. Bd3 Rxe1
34. Kxe1 Kf7 35. Kf2 Ke6 36. g3 g5 37. Ke3 f5 38. Nf3 Bxf3 39. Kxf3 Kd5 40. h3
Ke6 41. Ke2 Kd5 42. Kf3 a5 43. Ke2 Ne4 44. Kf3 Nd6 45. Ke2 a4 46. Kf3 Ke6 47.
Ke2 Kf6 48. Kf3 Ke6 49. Ke2 Kd5 50. Kf3 Ke6 {Normal} 1/2-1/2

[Event "Rated Blitz game"]
[Site "?"]
[Date "2021.05.01"]
[Round "?"]
[White "Karin2007"]
[Black "vvvche83"]
[Result "1/2-1/2"]
[WhiteElo "2465"]
[BlackElo "2401"]
[PlyCount "84"]
[EventDate "2021.??.??"]
[EventType "blitz"]

1. e4 e5 2. Nf3 d5 3. d4 dxe4 4. Nxe5 Nd7 5. Nxd7 Bxd7 6. Nc3 Nf6 7. Bg5 Bb4 8.
Qd2 h6 9. Bxf6 Qxf6 10. a3 Bxc3 11. Qxc3 O-O-O 12. Qe3 Bg4 13. h3 Bh5 14. g4
Bg6 15. O-O-O c5 16. d5 Qg5 17. Bc4 Qxe3+ 18. fxe3 a6 19. a4 Rhe8 20. d6 Re5
21. Rd2 Kd7 22. Rhd1 Rh8 23. Rd5 Rxd5 24. Rxd5 h5 25. g5 Re8 26. h4 Re6 27.
Rxc5 Rxd6 28. Rd5 Rxd5 29. Bxd5 b6 30. b4 Kd6 31. c4 a5 32. bxa5 bxa5 33. Kb2
f5 34. gxf6 gxf6 35. Kc3 Kc5 36. Kb3 f5 37. Kc3 Be8 38. Kb3 Kd6 39. Bb7 Kc7 40.
Bd5 Kd6 41. Bb7 Kc5 42. Bd5 Kd6 {Normal} 1/2-1/2

[Event "Rated Blitz tournament 4KZyaAQj"]
[Site "?"]
[Date "2021.05.01"]
[Round "?"]
[White "MihaiG"]
[Black "Tatiana_Kostak"]
[Result "1-0"]
[WhiteElo "2459"]
[BlackElo "2205"]
[PlyCount "111"]
[EventDate "2021.??.??"]
[EventType "blitz"]

1. e4 e5 2. Nf3 d5 3. exd5 e4 4. Nd4 Qxd5 5. Nb3 Nf6 6. Nc3 Qf5 7. d3 Bb4 8.
Bd2 O-O 9. Be2 exd3 10. Bxd3 Re8+ 11. Kf1 Qe5 12. Qf3 Nc6 13. Re1 Qd6 14. Rxe8+
Nxe8 15. Ne4 Qe7 16. Bxb4 Nxb4 17. h4 Nxd3 18. cxd3 c6 19. g3 Be6 20. Kg2 Bd5
21. Re1 Qd7 22. Nd4 h6 23. Qf5 Qxf5 24. Nxf5 Nc7 25. Ne7+ Kf8 26. Nxd5 Nxd5 27.
Nd6 b6 28. a3 Rd8 29. Nc4 Nf6 30. Ne5 c5 31. f4 g6 32. Kf3 Nd5 33. Rc1 Nc7 34.
b4 Ne6 35. Ke3 Rd5 36. Nc6 a6 37. bxc5 Nxc5 38. Nb4 Rd6 39. d4 Nb3 40. Rc8+ Ke7
41. d5 a5 42. Nc6+ Kf6 43. Ke4 Nc5+ 44. Kd4 Nd7 45. Rd8 Kg7 46. Ne5 Nxe5 47.
Rxd6 Nf3+ 48. Ke3 Ne1 49. Rxb6 Nc2+ 50. Ke4 Nxa3 51. d6 Nc4 52. Rc6 Nb2 53. d7
a4 54. d8=Q a3 55. Rc8 a2 56. Qh8# {Normal} 1-0

[Event "Rated Blitz game"]
[Site "?"]
[Date "2021.05.01"]
[Round "?"]
[White "shishini38"]
[Black "pasha1984"]
[Result "0-1"]
[WhiteElo "2401"]
[BlackElo "2419"]
[PlyCount "77"]
[EventDate "2021.??.??"]
[EventType "blitz"]

1. e4 e5 2. Nf3 d5 3. Bb5+ c6 4. Bd3 Nf6 5. Qe2 Bg4 6. h3 Bxf3 7. Qxf3 dxe4 8.
Bxe4 Nxe4 9. Qxe4 Bd6 10. O-O O-O 11. Nc3 Nd7 12. Qe2 f5 13. d3 Qf6 14. Kh1
Rae8 15. Bd2 Nc5 16. Rae1 Ne6 17. Qd1 Nd4 18. Ne2 Nb5 19. Nc3 Nd4 20. Ne2 Ne6
21. Nc3 b5 22. a3 Nd4 23. Ne2 Ne6 24. Nc3 h6 25. Ne2 Bc7 26. Bc3 a5 27. d4 exd4
28. Nxd4 Nxd4 29. Bxd4 Qd6 30. g3 Rxe1 31. Rxe1 Rd8 32. Qf3 Qxd4 33. c3 Qd5 34.
Qxd5+ Rxd5 35. Re7 Bb6 36. Kg2 Rd2 37. Re8+ Kf7 38. Rb8 Bxf2 39. Kh2 {Normal}
0-1

[Event "Rated Blitz game"]
[Site "?"]
[Date "2021.05.01"]
[Round "?"]
[White "DaniellaQueen"]
[Black "Slimslik02"]
[Result "1-0"]
[WhiteElo "2473"]
[BlackElo "2368"]
[PlyCount "41"]
[EventDate "2021.??.??"]
[EventType "blitz"]

1. e4 e5 2. Nf3 d5 3. Nxe5 Bd6 4. d4 dxe4 5. Nc4 Be6 6. Nxd6+ Qxd6 7. c4 Nd7 8.
Nc3 O-O-O 9. d5 Bf5 10. Be3 Nc5 11. Nb5 Qe7 12. Nxa7+ Kb8 13. b4 Nd3+ 14. Bxd3
exd3 15. Qa4 Nf6 16. Nc6+ bxc6 17. dxc6 d2+ 18. Kd1 Bc2+ 19. Kxc2 Qe4+ 20. Kd1
Qxc4 21. Qa7+ {Normal} 1-0

[Event "Rated Blitz game"]
[Site "?"]
[Date "2021.05.01"]
[Round "?"]
[White "RenierChess"]
[Black "Erow"]
[Result "0-1"]
[WhiteElo "2666"]
[BlackElo "2640"]
[PlyCount "60"]
[EventDate "2021.??.??"]
[EventType "blitz"]

1. e4 e5 2. Nf3 d5 3. d3 dxe4 4. dxe4 Qxd1+ 5. Kxd1 Bg4 6. Nbd2 Bc5 7. Ke1 Nc6
8. c3 O-O-O 9. Be2 Nf6 10. Ng5 Bxe2 11. Kxe2 Rhf8 12. f3 h6 13. Nh3 Ne8 14. b4
Bb6 15. Nc4 Nd6 16. Nxd6+ Rxd6 17. a4 a6 18. b5 Na5 19. Ba3 Rfd8 20. Bxd6 Rxd6
21. Rhd1 Rg6 22. g4 h5 23. g5 f6 24. Rd5 c6 25. Rd6 Nc4 26. Rdd1 fxg5 27. bxa6
g4 28. fxg4 Rxg4 29. Kf3 bxa6 30. Nf2 Rf4+ {Normal} 0-1

[Event "Rated Blitz game"]
[Site "?"]
[Date "2021.05.01"]
[Round "?"]
[White "Goodwilll"]
[Black "pasha1984"]
[Result "1-0"]
[WhiteElo "2414"]
[BlackElo "2390"]
[PlyCount "75"]
[EventDate "2021.??.??"]
[EventType "blitz"]

1. e4 e5 2. Nf3 d5 3. exd5 e4 4. Qe2 Nf6 5. d3 Qxd5 6. Nc3 Bb4 7. Bd2 Bxc3 8.
Bxc3 O-O 9. dxe4 Nxe4 10. Rd1 Nxc3 11. Rxd5 Nxe2 12. Bxe2 Nc6 13. O-O Re8 14.
Bb5 Nb4 15. Rd4 Nc6 16. Bxc6 bxc6 17. Re1 Be6 18. b3 c5 19. Ra4 Bf5 20. Rc4
Rxe1+ 21. Nxe1 Rd8 22. Rxc5 Rd1 23. Kf1 g6 24. Ke2 Ra1 25. a4 Be6 26. Rxc7 a5
27. Rc5 Ra2 28. Ke3 Bf5 29. Rxa5 Bxc2 30. Nxc2 Rxc2 31. Rb5 Kf8 32. a5 Ke7 33.
a6 Ra2 34. Rb6 Kd7 35. b4 Kc7 36. Rb7+ Kc6 37. b5+ Kc5 38. a7 {Normal} 1-0

[Event "Rated Blitz game"]
[Site "?"]
[Date "2021.05.01"]
[Round "?"]
[White "BLC2316"]
[Black "vvvche83"]
[Result "1-0"]
[WhiteElo "2443"]
[BlackElo "2420"]
[PlyCount "125"]
[EventDate "2021.??.??"]
[EventType "blitz"]

1. e4 e5 2. Nf3 d5 3. exd5 e4 4. Qe2 Be7 5. Qxe4 Nf6 6. Qe2 O-O 7. d3 Re8 8.
Be3 Nxd5 9. Nbd2 Bf6 10. O-O-O Nxe3 11. fxe3 Nc6 12. Kb1 Be6 13. Nb3 a5 14. Qf2
a4 15. Nbd4 Nxd4 16. Nxd4 a3 17. b3 c5 18. Nxe6 Rxe6 19. d4 Qa5 20. Qd2 Qxd2
21. Rxd2 cxd4 22. Bc4 dxe3 23. Rd7 Re7 24. Rxe7 Bxe7 25. Rf1 Rf8 26. c3 g6 27.
Kc2 Kg7 28. Kd3 Bc5 29. b4 Bb6 30. Ke2 f5 31. Rd1 Rc8 32. Rd7+ Kf6 33. Bb3 Rxc3
34. Rd6+ Ke5 35. Rxb6 Rxb3 36. axb3 a2 37. Rb5+ Kd4 38. Ra5 f4 39. Rxa2 g5 40.
Rc2 g4 41. Rc4+ Ke5 42. g3 fxg3 43. Kxe3 gxh2 44. Rc1 h5 45. Rh1 g3 46. Kf3 h4
47. Kg2 Kf4 48. Rc1 b5 49. Rd1 Ke3 50. Rd5 h1=Q+ 51. Kxh1 Kf2 52. Rd2+ Kf1 53.
Rd1+ Kf2 54. Rd2+ Kf3 55. Rd3+ Kg4 56. Rd4+ Kh3 57. Re4 g2+ 58. Kg1 Kg3 59.
Re3+ Kf4 60. Rh3 Kg4 61. Rd3 h3 62. Kh2 g1=Q+ 63. Kxg1 {Time forfeit} 1-0

[Event "Rated Blitz game"]
[Site "?"]
[Date "2021.05.01"]
[Round "?"]
[White "Dobby2011"]
[Black "Erow"]
[Result "1-0"]
[WhiteElo "2649"]
[BlackElo "2650"]
[PlyCount "67"]
[EventDate "2021.??.??"]
[EventType "blitz"]

1. e4 e5 2. Nf3 d5 3. exd5 e4 4. Qe2 Nf6 5. d3 Bb4+ 6. c3 O-O 7. dxe4 Bc5 8.
Qc4 Nbd7 9. e5 Re8 10. Be2 Nxe5 11. Nxe5 Bxf2+ 12. Kxf2 Rxe5 13. Bf3 Rf5 14.
Rf1 Bd7 15. Kg1 h6 16. Qd4 Qe8 17. Nd2 c6 18. Nc4 Qf8 19. dxc6 Bxc6 20. Bxc6
Rxf1+ 21. Kxf1 bxc6 22. Bf4 Rd8 23. Bd6 Qe8 24. Re1 Qd7 25. Qf4 Nd5 26. Qf3 Nf6
27. Re7 Qc8 28. Be5 Qa6 29. b3 Qxa2 30. Bxf6 Qxb3 31. Nd2 Qa3 32. Bh4 Qa1+ 33.
Re1 Qa2 34. Bxd8 {Normal} 1-0

[Event "Rated Blitz game"]
[Site "?"]
[Date "2021.05.01"]
[Round "?"]
[White "jeromeovich"]
[Black "vvvche83"]
[Result "1-0"]
[WhiteElo "2482"]
[BlackElo "2395"]
[PlyCount "35"]
[EventDate "2021.??.??"]
[EventType "blitz"]

1. e4 e5 2. Nf3 d5 3. Nxe5 dxe4 4. d4 Nd7 5. Qh5 g6 6. Qe2 f5 7. g4 Nxe5 8.
dxe5 Bg7 9. Bf4 g5 10. gxf5 gxf4 11. Rg1 Bxe5 12. Qb5+ Kf8 13. Qxe5 Nf6 14.
Qxf4 h5 15. Bc4 Qd6 16. Qg5 Qe7 17. Nc3 Bd7 18. O-O-O {Normal} 1-0

[Event "Rated Blitz game"]
[Site "?"]
[Date "2021.05.01"]
[Round "?"]
[White "ARF-Reis"]
[Black "blastol"]
[Result "0-1"]
[WhiteElo "2244"]
[BlackElo "2419"]
[PlyCount "54"]
[EventDate "2021.??.??"]
[EventType "blitz"]

1. e4 e5 2. Nf3 d5 3. Nxe5 Bd6 4. Nxf7 Kxf7 5. exd5 Nf6 6. c4 Re8+ 7. Be2 Bg4
8. f3 Ne4 9. O-O Qh4 10. fxe4+ Kg8 11. Rf3 Bxh2+ 12. Kf1 Bxf3 13. Bxf3 Nd7 14.
d4 Rf8 15. Nc3 Rae8 16. Qd3 Bg3 17. Ke2 Rxf3 18. gxf3 Qh2+ 19. Kd1 Rf8 20. Ne2
Qh1+ 21. Kc2 Rxf3 22. Be3 Qxa1 23. e5 Bf2 24. Qe4 Rxe3 25. Qg4 Qe1 26. Qe6+ Kf8
27. Qxd7 Qxe2+ {Time forfeit} 0-1

[Event "Rated Blitz tournament Z55QJHEp"]
[Site "?"]
[Date "2021.05.01"]
[Round "?"]
[White "tratadeblancasSoria"]
[Black "JellalFernandes"]
[Result "0-1"]
[WhiteElo "2365"]
[BlackElo "2578"]
[PlyCount "134"]
[EventDate "2021.??.??"]
[EventType "blitz"]

1. e4 e5 2. Nf3 d5 3. d3 dxe4 4. dxe4 Qxd1+ 5. Kxd1 f6 6. Bc4 Bc5 7. Be3 Bxe3
8. fxe3 Nh6 9. Ke2 Nf7 10. Nc3 Nd6 11. Bb3 Na6 12. Rad1 Nc5 13. Rhf1 Bg4 14. h3
Bh5 15. Rd5 Ncxe4 16. Nxe4 Nxe4 17. Rfd1 Nd6 18. g4 Bf7 19. R5d2 Bxb3 20. axb3
O-O-O 21. Nh4 h5 22. Nf5 hxg4 23. Nxd6+ Rxd6 24. Rxd6 cxd6 25. hxg4 Kd7 26. Kf3
Ke6 27. e4 Rh2 28. Rc1 Rh3+ 29. Kf2 d5 30. exd5+ Kxd5 31. Rd1+ Ke6 32. Kg2 Re3
33. Kf2 Re4 34. Kf3 Rf4+ 35. Kg3 Rd4 36. Rc1 Kf7 37. Kf3 Kg6 38. Ra1 a6 39. Ra4
Rxa4 40. bxa4 f5 41. c4 fxg4+ 42. Kxg4 Kf6 43. b4 g5 44. c5 e4 45. a5 Ke6 46.
b5 axb5 47. c6 Kd6 48. cxb7 Kc7 49. a6 b4 50. Kxg5 b3 51. Kf4 b2 52. Kxe4 b1=Q+
53. Ke5 Qb5+ 54. Kd4 Qxa6 55. b8=Q+ Kxb8 56. Ke4 Qc4+ 57. Ke5 Kc7 58. Kf6 Qc5
59. Ke6 Kc6 60. Kf6 Qd5 61. Ke7 Qd6+ 62. Kf7 Kd5 63. Kg7 Ke5 64. Kf7 Kf5 65.
Kg7 Qc7+ 66. Kh6 Qe7 67. Kh5 Qg5# {Normal} 0-1

[Event "Rated Blitz tournament REV2EzoK"]
[Site "?"]
[Date "2021.05.01"]
[Round "?"]
[White "jodaras"]
[Black "fuglfonix"]
[Result "1-0"]
[WhiteElo "2426"]
[BlackElo "2365"]
[PlyCount "47"]
[EventDate "2021.??.??"]
[EventType "blitz"]

1. e4 e5 2. Nf3 d5 3. Nxe5 Bd6 4. d4 dxe4 5. Nc4 Ne7 6. Nc3 f5 7. Ne3 O-O 8.
Bc4+ Kh8 9. g3 Ng6 10. h4 f4 11. h5 fxe3 12. hxg6 exf2+ 13. Kf1 h6 14. Qh5 Rf5
15. Qh2 Rg5 16. Bxg5 Qxg5 17. Nxe4 Qxg6 18. Qxf2 Bf5 19. Re1 Bxe4 20. Rxe4 Qxe4
21. Rxh6+ Qh7 22. Rxh7+ Kxh7 23. Bf7 g6 24. Qf6 {Normal} 1-0

[Event "Rated Blitz tournament Z55QJHEp"]
[Site "?"]
[Date "2021.05.01"]
[Round "?"]
[White "Gabixvago"]
[Black "JellalFernandes"]
[Result "0-1"]
[WhiteElo "2608"]
[BlackElo "2582"]
[PlyCount "122"]
[EventDate "2021.??.??"]
[EventType "blitz"]

1. e4 e5 2. Nf3 d5 3. Nxe5 Bd6 4. d4 dxe4 5. Nc4 Nf6 6. Nc3 O-O 7. Be2 Nc6 8.
Be3 Bb4 9. O-O Be6 10. a3 Bxc3 11. bxc3 Nd5 12. Qd2 f5 13. f4 Qe8 14. Ne5 Nxe5
15. fxe5 Qc6 16. c4 Nxe3 17. Qxe3 Bxc4 18. Bxc4+ Qxc4 19. c3 Rad8 20. Rab1 b6
21. Rb4 Qe6 22. Rb2 Qe7 23. c4 c5 24. dxc5 bxc5 25. Qf4 g5 26. Qg3 f4 27. Qh3
Qxe5 28. Rb7 Qf5 29. Qh6 Rf7 30. Rfb1 e3 31. h4 g4 32. Rb8 Rfd7 33. Rxd8+ Rxd8
34. Re1 f3 35. Qxe3 fxg2 36. Qe6+ Qxe6 37. Rxe6 Rd4 38. Kxg2 Rxc4 39. Ra6 Kg7
40. Rxa7+ Kg6 41. Ra8 Kh5 42. Rb8 Kxh4 43. Rh8 Rc2+ 44. Kf1 Kg3 45. Ke1 Kf3 46.
Rxh7 g3 47. Kd1 Ra2 48. Rf7+ Kg2 49. Re7 Ra1+ 50. Kc2 Rxa3 51. Kb2 Rf3 52. Rg7
Rf2+ 53. Kb3 Kf3 54. Kc4 g2 55. Kxc5 Ke2 56. Rf7 Kf1 57. Re7 g1=Q 58. Rd7 Qg2
59. Rd5 Kg1 60. Kc6 Rf1 61. Kd6 Qf2 {Time forfeit} 0-1

[Event "Rated Blitz game"]
[Site "?"]
[Date "2021.05.01"]
[Round "?"]
[White "Gubancs"]
[Black "pasha1984"]
[Result "1-0"]
[WhiteElo "2407"]
[BlackElo "2392"]
[PlyCount "49"]
[EventDate "2021.??.??"]
[EventType "blitz"]

1. e4 e5 2. Nf3 d5 3. Nxe5 dxe4 4. d4 Bd6 5. Nc4 Nc6 6. Nc3 Nf6 7. Be2 O-O 8.
Bg5 Bb4 9. a3 Bxc3+ 10. bxc3 h6 11. Bh4 Be6 12. Ne3 g5 13. Bg3 Nd5 14. Nxd5
Qxd5 15. h4 Kg7 16. hxg5 hxg5 17. Bxc7 Rac8 18. c4 Qf5 19. Bg3 Rcd8 20. d5 Qf6
21. Qc1 Nd4 22. Bd1 Bf5 23. Be5 Qxe5 24. Qxg5+ Bg6 25. Qxe5+ {Time forfeit} 1-0

[Event "Rated Blitz game"]
[Site "?"]
[Date "2021.05.01"]
[Round "?"]
[White "FakeBruceLee"]
[Black "Erow"]
[Result "0-1"]
[WhiteElo "2611"]
[BlackElo "2651"]
[PlyCount "68"]
[EventDate "2021.??.??"]
[EventType "blitz"]

1. e4 e5 2. Nf3 d5 3. Nc3 dxe4 4. Nxe4 Nf6 5. Ng3 Nc6 6. Bb5 Bd6 7. O-O O-O 8.
Bxc6 bxc6 9. d3 Bg4 10. h3 Be6 11. Bg5 Be7 12. Nxe5 Qd5 13. Re1 Rab8 14. b3 h6
15. c4 Qd6 16. Bf4 Qd4 17. Qd2 Bb4 18. Qe2 Bxe1 19. Rxe1 Qxf4 20. Nxc6 Rbe8 21.
Qd1 Bd7 22. Rxe8 Rxe8 23. Nxa7 Qd4 24. Nb5 Bxb5 25. cxb5 Qb4 26. Qc2 Qxb5 27.
Qxc7 Qxd3 28. Qc6 Qb1+ 29. Kh2 Qxa2 30. Nh5 Re6 31. Qc8+ Kh7 32. Nf4 Re4 33.
Qf5+ Kg8 34. Nd5 Re6 {Normal} 0-1

[Event "Rated Blitz game"]
[Site "?"]
[Date "2021.05.01"]
[Round "?"]
[White "Matemagico12"]
[Black "annaly1979"]
[Result "0-1"]
[WhiteElo "2476"]
[BlackElo "2404"]
[PlyCount "84"]
[EventDate "2021.??.??"]
[EventType "blitz"]

1. e4 e5 2. Nf3 d5 3. d4 dxe4 4. Nxe5 Bd6 5. Nc3 Bxe5 6. dxe5 Qxd1+ 7. Nxd1 Nc6
8. Nc3 Nxe5 9. Bf4 Ng6 10. Bxc7 f5 11. Bc4 Nf6 12. O-O-O Bd7 13. Bd6 a6 14.
Rhe1 b5 15. Bb3 a5 16. f3 a4 17. Bd5 Nxd5 18. Rxd5 Be6 19. Rxb5 a3 20. Bxa3 Kf7
21. Rb7+ Kf6 22. fxe4 f4 23. e5+ Kf5 24. Ne2 Rhd8 25. Rxg7 h5 26. Bd6 Rxa2 27.
Nd4+ Kg5 28. Nxe6+ Kh6 29. Nxd8 Kxg7 30. e6 Kf6 31. e7 Ra1+ 32. Kd2 Rxe1 33.
Kxe1 Nxe7 34. Ke2 Nd5 35. c4 Ne3 36. c5 Nc4 37. b3 Na5 38. b4 Nc4 39. b5 Nxd6
40. cxd6 Ke5 41. b6 Kxd6 42. b7 Kc7 {Normal} 0-1

[Event "Rated Blitz game"]
[Site "?"]
[Date "2021.05.01"]
[Round "?"]
[White "cingiz96"]
[Black "batasjon"]
[Result "1-0"]
[WhiteElo "2500"]
[BlackElo "2370"]
[PlyCount "77"]
[EventDate "2021.??.??"]
[EventType "blitz"]

1. e4 e5 2. Nf3 d5 3. Nxe5 Bd6 4. d4 dxe4 5. Bf4 Nf6 6. Nc3 O-O 7. Bc4 Nc6 8.
O-O Bf5 9. Nxc6 bxc6 10. Be5 Ng4 11. Bg3 e3 12. fxe3 Nxe3 13. Qe2 Nxf1 14. Rxf1
Bxg3 15. Rxf5 Qxd4+ 16. Kh1 Bd6 17. Qf1 g6 18. Bxf7+ Kg7 19. Rf3 Rab8 20. b3
Rb4 21. Ne2 Qe5 22. Ng3 Rh4 23. Kg1 Rxh2 24. Kxh2 Qxg3+ 25. Rxg3 Rxf7 26. Qd3
Rf4 27. Kh1 Rh4+ 28. Rh3 Rf4 29. Qc3+ Kg8 30. Rf3 Rh4+ 31. Kg1 Bh2+ 32. Kf2 Bd6
33. Qf6 Bc5+ 34. Kg3 Rd4 35. Qe6+ Kg7 36. Rf7+ Kh6 37. Qe3+ g5 38. Qe6+ Kh5 39.
Rxh7# {Normal} 1-0

[Event "Rated Blitz game"]
[Site "?"]
[Date "2021.05.01"]
[Round "?"]
[White "SirJohn13"]
[Black "JellalFernandes"]
[Result "1-0"]
[WhiteElo "2724"]
[BlackElo "2575"]
[PlyCount "47"]
[EventDate "2021.??.??"]
[EventType "blitz"]

1. e4 e5 2. Nf3 d5 3. exd5 Bd6 4. d4 e4 5. Ne5 Nf6 6. Bb5+ c6 7. dxc6 O-O 8.
cxb7 Bxb7 9. Nc3 Nbd7 10. Nxd7 Nxd7 11. Qh5 Nf6 12. Qh4 Qa5 13. O-O Rac8 14. a4
a6 15. Be2 Rxc3 16. bxc3 Qxc3 17. Rb1 Ba8 18. Bg5 Nd5 19. Bxa6 Qxc2 20. Bb7
Bxb7 21. Rxb7 Qxa4 22. Qxe4 Nc3 23. Qf3 Qa5 24. Bd2 {Normal} 1-0

[Event "Rated Blitz game"]
[Site "?"]
[Date "2021.05.01"]
[Round "?"]
[White "DressForAnna"]
[Black "Buhmann"]
[Result "1-0"]
[WhiteElo "2721"]
[BlackElo "2738"]
[PlyCount "53"]
[EventDate "2021.??.??"]
[EventType "blitz"]

1. e4 e5 2. Nf3 d5 3. Nxe5 dxe4 4. Bc4 Qd4 5. Bxf7+ Ke7 6. Bxg8 Rxg8 7. Qh5 Be6
8. c3 Qd5 9. d4 Nd7 10. Bg5+ Nf6 11. Nd2 Kd6 12. Ndc4+ Ke7 13. Ne3 Qb5 14. a4
Qxb2 15. O-O Qxc3 16. Rac1 Qa5 17. Rc5 Qb6 18. a5 Qd6 19. Nf5+ Bxf5 20. Qf7+
Kd8 21. Qxg8 Qe7 22. Bxf6 gxf6 23. Qd5+ Kc8 24. a6 Rb8 25. axb7+ Rxb7 26. Nc6
Qd6 27. Qxf5+ {Normal} 1-0

[Event "Rated Blitz tournament 4KZyaAQj"]
[Site "?"]
[Date "2021.05.01"]
[Round "?"]
[White "Winnie1the1Pooh"]
[Black "batasjon"]
[Result "1-0"]
[WhiteElo "2406"]
[BlackElo "2399"]
[PlyCount "65"]
[EventDate "2021.??.??"]
[EventType "blitz"]

1. e4 e5 2. Nf3 d5 3. Bb5+ c6 4. Bd3 dxe4 5. Bxe4 f5 6. Nc3 fxe4 7. Nxe4 Nf6 8.
Qe2 Nxe4 9. Qxe4 Bd6 10. Nxe5 Bxe5 11. Qxe5+ Qe7 12. d4 Nd7 13. Qxe7+ Kxe7 14.
Bf4 Nf6 15. Ke2 Be6 16. b3 Rae8 17. Rae1 Kd7 18. Kd2 Bf5 19. f3 Rxe1 20. Rxe1
Re8 21. Re5 Rxe5 22. Bxe5 Ne8 23. c4 g6 24. a4 a6 25. Kc3 Nc7 26. Kb4 Bc2 27.
Kc3 Bd1 28. a5 Ne8 29. Kb4 Nd6 30. Kc5 Bxb3 31. Bxd6 Bxc4 32. Kxc4 Kxd6 33. h4
{Normal} 1-0

[Event "Rated Blitz tournament RnPAkzrr"]
[Site "?"]
[Date "2021.05.01"]
[Round "?"]
[White "zadvinski"]
[Black "Tanatov_2006"]
[Result "0-1"]
[WhiteElo "2372"]
[BlackElo "2482"]
[PlyCount "94"]
[EventDate "2021.??.??"]
[EventType "blitz"]

1. e4 e5 2. Nf3 d5 3. exd5 e4 4. Qe2 f5 5. d3 Nf6 6. Nc3 Bb4 7. Bd2 O-O 8. dxe4
Bxc3 9. Bxc3 Nxe4 10. Be5 Nd7 11. O-O-O Re8 12. Bd4 Ng3 13. Qxe8+ Qxe8 14. hxg3
h6 15. Bc4 Kh7 16. Rhe1 Qf8 17. Ne5 Nxe5 18. Rxe5 Bd7 19. Bd3 Re8 20. g4 Rxe5
21. Bxe5 g6 22. g5 Qe7 23. f4 Qc5 24. Rh1 h5 25. Re1 Qf2 26. Kd1 Qxg2 27. Bxc7
Qxd5 28. Re7+ Kg8 29. Be5 Kf8 30. Rh7 Be8 31. Rh8+ Ke7 32. Kd2 Qg2+ 33. Kc3
Qc6+ 34. Kd2 a6 35. b3 b5 36. a4 Qg2+ 37. Kc3 Qd5 38. Bf6+ Kd7 39. axb5 axb5
40. Rh7+ Bf7 41. Rh8 Qc5+ 42. Kb2 Be8 43. Rh7+ Kc8 44. Re7 Qxe7 45. Bxe7 h4 46.
Bxf5+ gxf5 47. g6 h3 {Normal} 0-1

[Event "Rated Blitz game"]
[Site "?"]
[Date "2021.05.01"]
[Round "?"]
[White "chessbraht"]
[Black "Arkadag2020"]
[Result "0-1"]
[WhiteElo "2405"]
[BlackElo "2552"]
[PlyCount "158"]
[EventDate "2021.??.??"]
[EventType "blitz"]

1. e4 e5 2. Nf3 d5 3. d4 dxe4 4. Nxe5 Nf6 5. Bc4 Be6 6. Bxe6 fxe6 7. O-O Bd6 8.
Re1 O-O 9. Bg5 c5 10. c3 cxd4 11. cxd4 Nc6 12. Nxc6 bxc6 13. Nc3 Qc7 14. Bxf6
gxf6 15. Qg4+ Kh8 16. Qxe4 Bxh2+ 17. Kh1 Rae8 18. Re3 f5 19. Qc2 Bf4 20. Re2 e5
21. dxe5 Rxe5 22. Rae1 Rxe2 23. Qxe2 Qf7 24. g3 Bh6 25. Qe6 Bg7 26. Qxf7 Rxf7
27. Re8+ Bf8 28. Kg2 Kg7 29. Rc8 f4 30. Rxc6 fxg3 31. fxg3 Rd7 32. Ne4 Rd4 33.
Kf3 Rd3+ 34. Kf4 Be7 35. Rc7 Kf8 36. Rxa7 Rd4 37. Ke5 Rd1 38. a4 Re1 39. a5 h5
40. a6 h4 41. gxh4 Bxh4 42. Rb7 Bg3+ 43. Kf5 Rf1+ 44. Ke6 Re1 45. Kf5 Rf1+ 46.
Kg6 Ra1 47. Nxg3 Rxa6+ 48. Kf5 Ke8 49. Ne4 Kd8 50. Nf6 Kc8 51. Rb3 Ra1 52. Ke6
Rd1 53. Nd5 Rh1 54. Kd6 Rh6+ 55. Kc5 Rh4 56. Rg3 Rh5 57. Rg7 Rf5 58. b4 Rh5 59.
b5 Kb8 60. b6 Rh8 61. Kc6 Rc8+ 62. Kb5 Rh8 63. Ka6 Ka8 64. Rb7 Rh1 65. Ra7+ Kb8
66. Nc7 Ra1+ 67. Kb5 Rb1+ 68. Kc6 Rc1+ 69. Kd7 Rd1+ 70. Kc6 Rc1+ 71. Kd6 Rd1+
72. Nd5 Rc1 73. Rd7 Rc2 74. Rd8+ Kb7 75. Rd7+ Kb8 76. Rd8+ Kb7 77. Rd7+ Ka6 78.
Rd8 Kb5 79. Ra8 Rc6+ {Time forfeit} 0-1

[Event "Rated Blitz game"]
[Site "?"]
[Date "2021.05.01"]
[Round "?"]
[White "Goodwilll"]
[Black "pasha1984"]
[Result "1-0"]
[WhiteElo "2414"]
[BlackElo "2391"]
[PlyCount "113"]
[EventDate "2021.??.??"]
[EventType "blitz"]

1. e4 e5 2. Nf3 d5 3. Nxe5 dxe4 4. d4 Bd6 5. Nc4 Nc6 6. Nc3 Nf6 7. Be2 O-O 8.
Bg5 Be7 9. d5 Nb4 10. Bxf6 Bxf6 11. Nxe4 Nxd5 12. Nxf6+ Nxf6 13. Qxd8 Rxd8 14.
Bd3 Re8+ 15. Kd2 Be6 16. Ne3 Rad8 17. Rad1 Ne4+ 18. Ke2 Nc5 19. b3 g6 20. h3 f5
21. g3 Bd5 22. Rhe1 Nxd3 23. Rxd3 Be4 24. Rxd8 Rxd8 25. f3 Bc6 26. f4 Kf7 27.
Nc4 Kf6 28. Ne5 Be4 29. Rd1 Rd6 30. c4 h6 31. Nd7+ Ke7 32. Ne5 Kf6 33. Rd2 g5
34. h4 Rxd2+ 35. Kxd2 gxf4 36. gxf4 Ke6 37. Ke3 Bb1 38. a3 Ba2 39. b4 b6 40.
Kd4 Kd6 41. c5+ bxc5+ 42. bxc5+ Ke6 43. Nc6 a6 44. Nb4 Bb1 45. Nxa6 Kd7 46. Ke5
Kc6 47. a4 Bd3 48. Nb4+ Kxc5 49. Nxd3+ Kc4 50. Nf2 Kb4 51. Kxf5 Kxa4 52. Ke4 c5
53. f5 Kb3 54. f6 c4 55. f7 c3 56. f8=Q c2 57. Qc5 {Normal} 1-0